000 00761nam a2200205Ia 4500
003 GCL
008 140319s9999 xx 000 0 ara d
040 _aGCL /
_cGCL
082 0 4 _a791.43
_bهـ ا
100 1 _aهويلر، ليزلى ج
245 1 0 _aاسس صناعة السينما دليل للتكنولوجيا السينمائية /
_cهويلر، ليزلى ج
700 1 _aسعد عبدالرحمن قلج
700 1 _aوديد محمد سرى
260 _aالقاهرة :
_bالهيئة المصرية العامة للكتاب ،
_c1973
300 _a687 ص ؛
_c24 سم
650 0 4 _aالتصوير الفوتوغرافى
650 0 4 _aالسينما - صناعة
650 0 4 _aالسينما - تكنولوجيا
942 _2ddc
_cBK
999 _c39866
_d39866